Logistická koncepce prostředek restrukturalizace podniků

Komponenty a trendy reštrukturalizácie podnikov. Riadenie logistického reťazca. Orientácia na proces. Zložky podnikových procesov a ich typy. Logistické procesy v produkčných systémoch. Informačný systém ako prostriedok riadenia logistických procesov. Medzinárodný projekt inteligentného výrobného sy...

Celý popis

Uložené v:
Podrobná bibliografia
Hlavný autor: Jurová, Marie
Ďalší autori: Urbánek, Jiří
Médium: Kapitola
Jazyk:Czech
Predmet:
Tagy: Pridať tag
Žiadne tagy, Buďte prvý, kto otaguje tento záznam!

MARC

LEADER 00000naa a2200000 4500
001 r037187
005 20230922090511.8
041 0 |a cze 
044 |a CZ 
245 1 0 |a Logistická koncepce  |b prostředek restrukturalizace podniků  |c Marie Jurová, Jiří Urbánek 
520 |a Komponenty a trendy reštrukturalizácie podnikov. Riadenie logistického reťazca. Orientácia na proces. Zložky podnikových procesov a ich typy. Logistické procesy v produkčných systémoch. Informačný systém ako prostriedok riadenia logistických procesov. Medzinárodný projekt inteligentného výrobného systému. 
610 2 0 |a logistika 
610 2 0 |a reťazce logistické 
610 2 0 |a systémy riadenia 
610 2 0 |a proces výrobný 
610 2 0 |a systémy informačné 
610 2 0 |a systémy výrobné 
610 2 0 |a reštrukturalizácia 
610 2 0 |a podnik 
100 1 |a Jurová, Marie 
700 1 |a Urbánek, Jiří